[Event "V Magistral Marcel Duchamp 2019"]
[Site "Montevideo"]
[Date "2019.02.19"]
[Round "4.3"]
[White "Hungaski, Robert"]
[Black "Lujan, Carolina"]
[Result "0-1"]
[WhiteElo "2520"]
[BlackElo "2357"]
[Annotator "TA"]
[PlyCount "76"]
[EventDate "2019.02.17"]
[EventType "tourn"]
[EventCountry "URU"]
[SourceTitle "playchess.com"]
[Source "ChessBase"]
[SourceQuality "1"]

{[%evp 11,76,11,51,14,11,9,30,0,0,0,0,0,0,0,0,0,0,7,0,0,0,2,12,0,17,6,16,13,36,28,52,-10,-4,-20,-20,-39,-34,-71,-12,-6,-10,-15,20,20,25,19,14,8,8,0,0,0,0,0,0,-19,-19,-18,-18,-68,-65,-88,-67,-586,-605,-585,-574]} 1. d4 Nf6 2. c4 g6 3. Nc3 d5 4. Nf3 Bg7 5. Qb3 dxc4 6. Qxc4 Be6 (6... O-O {feels hotter.} 7. e4 b6 8. Bf4 c5 9. dxc5 Ba6) 7. Qa4+ {D96: Grünfeld: Russian System (5 Qb3): sidelines} Bd7 8. Qa3 Bc6 9. Bf4 $146 {White has an edge.} ({Predecessor:} 9. e3 Nbd7 10. Be2 O-O 11. O-O Nd5 12. Rd1 e6 13. Bd2 a6 14. Rac1 f5 15. Nxd5 Bxd5 {½-½ (53) Abhishek,K (2387)-Zubov,A (2613) Palic 2016}) 9... Bxf3 10. gxf3 Qxd4 11. Bxc7 {And now Rd1 would win.} O-O 12. e3 Qd7 13. Bg3 Nc6 14. Bg2 Qd3 15. Rd1 $36 {[%mdl 2048] White is more active.} Qc4 16. Qa4 Qxa4 17. Nxa4 Rfd8 18. Ke2 Nd5 19. f4 e6 20. Bh4 Re8 21. f5 (21. Rd2 $14) 21... gxf5 22. Nc5 Ne5 23. Bxd5 exd5 24. Bg3 {[#]} Ng6 ({Black should play} 24... d4 $1 $17 {[%mdl 512]} 25. exd4 (25. Rxd4 Ng6) 25... Nc4+ 26. Kf3 Nxb2) 25. Kf3 $11 d4 26. Nxb7 f4 27. exf4 Reb8 28. Nd6 {Threatening Rhe1.} Rxb2 29. f5 Ne5+ 30. Bxe5 Bxe5 31. Nc4 Rb5 32. Rhg1+ Kf8 33. Rg5 {Strongly threatening f6!} Bf6 34. Rh5 $1 Rd8 35. Rd3 Rc5 36. Nb2 $1 Rc3 {White must now prevent ...Rb8.} 37. Ke2 $2 {[%mdl 8192]} (37. Kg2 $1 $15) 37... Rc2+ $19 38. Rd2 {[#]} Rxb2 $1 {[%mdl 576] Remove Defender. Accuracy: White = 48%, Black = 78%.} 0-1

[Event "V Magistral Marcel Duchamp 2019"]
[Site "Montevideo"]
[Date "2019.02.19"]
[Round "4.4"]
[White "Lima, Darcy"]
[Black "Larrea, Manuel"]
[Result "1-0"]
[WhiteElo "2535"]
[BlackElo "2269"]
[Annotator "TA"]
[PlyCount "85"]
[EventDate "2019.02.17"]
[EventType "tourn"]
[EventCountry "URU"]
[SourceTitle "playchess.com"]
[Source "ChessBase"]
[SourceQuality "1"]

{[%evp 10,85,15,22,38,0,2,-7,80,82,99,100,89,103,121,112,133,118,138,131,127,137,135,134,134,135,131,129,152,127,142,133,170,148,148,148,148,148,151,146,143,139,213,218,452,481,494,493,488,461,497,389,377,422,416,414,392,379,308,287,276,279,277,274,321,318,336,332,301,304,289,278,311,277,366,0,431,420]} 1. d4 Nf6 2. c4 e6 3. Nc3 d5 4. cxd5 exd5 5. Bg5 c6 6. e3 Nbd7 {D35: Queen's Gambit Declined: Exchange Variation} (6... Be7 7. Bd3 Nbd7 8. Nge2 Nf8 9. O-O Ne6 10. Bh4 g6 11. b4 a6 12. Na4 O-O 13. Nc5 Ng7 14. Rc1 Nfe8 15. Bxe7 Qxe7 16. a4 Nd6 {½-½ (43) Ding,L (2813)-Fedoseev,V (2724) Wijk aan Zee 2019}) 7. Nge2 Bd6 $146 ({Predecessor:} 7... Be7 8. Ng3 O-O 9. Nf5 Nb6 10. Nxe7+ Qxe7 11. Qc2 Be6 12. Bd3 Nbd7 13. Bxh7+ Kh8 {0-1 (22) Dang,D-Le,T Vietnam 2002}) 8. Ng3 Nf8 (8... h6 $11 9. Nf5 {[%mdl 64] Double Attack} Bf8) 9. Nh5 $16 Ne6 10. Bxf6 gxf6 11. Bd3 f5 {[%mdl 64] [#] Decoy} 12. Bxf5 Qg5 13. g4 $36 {[%mdl 2048] White is in control.} Ng7 14. h4 Qh6 15. Nxg7+ Qxg7 16. Bxc8 Rxc8 17. Qf3 O-O 18. O-O-O b5 19. Kb1 Qg6+ 20. Ka1 a5 21. h5 Qg5 22. h6 a4 23. Rh5 Qg6 24. Rf5 a3 25. b3 Bb4 (25... Kh8 $16 26. Ne2 Rg8) 26. Ne2 $18 {[%cal Bc3e2,Be2f4,Bf4d3][%mdl 32]} Rfe8 $2 (26... f6 {was called for.} 27. Nf4 Qe8) 27. Nf4 Qd6 28. Kb1 Ba5 29. Nd3 Qxh6 30. Rxf7 Rf8 31. Rf5 Bc7 32. Rh1 Qg6 33. Qh3 {[#] White threatens Rg5 and mate.} Rf7 34. Qh5 {Rg5 is the strong threat.} Rxf5 35. gxf5 ({But not} 35. Qxf5 $6 Qxf5 36. gxf5 Kg7 $18) 35... Qxh5 36. Rxh5 {[%mdl 4096] Endgame KRB-KRN} Kg7 37. Kc2 Bd6 38. b4 Rf8 39. f3 Re8 40. Kd2 h6 41. Rh4 Rh8 42. Rh5 $2 ({White should try} 42. Rg4+ $18 Kf8 43. Rg6) 42... Kf6 $2 {[%mdl 8192]} (42... Re8 $1 $11 {and Black has nothing to worry.}) 43. e4 {Accuracy: White = 76%, Black = 34%.} 1-0

[Event "V Magistral Marcel Duchamp 2019"]
[Site "Montevideo"]
[Date "2019.02.19"]
[Round "4.5"]
[White "Roselli Mailhe, Bernardo"]
[Black "Hoffman, Alejandro"]
[Result "0-1"]
[WhiteElo "2434"]
[BlackElo "2461"]
[Annotator "TA"]
[PlyCount "86"]
[EventDate "2019.02.17"]
[EventType "tourn"]
[EventCountry "URU"]
[SourceTitle "playchess.com"]
[Source "ChessBase"]
[SourceQuality "1"]

{[%evp 13,86,53,55,52,59,38,29,47,40,42,33,18,49,-70,-50,-47,-47,-47,-46,-127,-131,-133,-106,-187,-193,-182,-152,-156,-71,-78,-56,-165,-25,-156,-103,-128,-135,-195,-127,-163,-119,-178,-197,-219,-209,-218,-143,-141,-101,-194,-139,-122,-28,-232,-101,-106,-92,-167,-167,-167,-147,-128,-125,-372,-364,-361,-360,-292,-351,-475,-473,-472,-443,-454,-412]} 1. e4 g6 2. d4 Bg7 3. Nf3 d6 4. Nc3 a6 5. a4 Nd7 (5... Nf6 6. Be2 O-O 7. O-O Nc6 8. h3 e5 9. d5 Ne7 10. a5 Nh5 11. Re1 h6 12. Bf1 Nf4 13. Ra3 g5 14. Ne2 Neg6 15. Ng3 Ne7 16. c4 f5 {1-0 (54) Matlakov,M (2694)-Mamedov,R (2688) Tallinn 2016}) 6. Bc4 {B06: Modern Defence} e6 7. Bg5 Ne7 {LiveBook: 6 Games} 8. a5 {White is slightly better.} h6 9. Bf4 $146 ({Predecessor:} 9. Be3 Nf6 10. Bb3 d5 11. Qd3 O-O 12. O-O Bd7 13. e5 Nh7 14. Qd2 Nf5 15. Bf4 Rc8 16. Nd1 Bb5 17. Re1 g5 {½-½ (17) Van Cappellen,J (2059)-Ghyselen,W (2000) Houffalize 2011}) 9... g5 10. Be3 Nf6 11. h4 g4 12. Nh2 h5 13. Qe2 (13. Bb3 $14) 13... d5 14. exd5 exd5 15. Bb3 O-O 16. O-O-O (16. Nf1 $15) 16... c6 $36 {[%mdl 2048] Black is on the roll.} 17. Qd2 Nf5 18. Bf4 (18. Kb1 $17) 18... Qxa5 $19 19. Kb1 Qd8 ({But not} 19... Nxh4 20. Bg5 $15) 20. f3 Ne7 ({Don't take} 20... Nxh4 21. Bg5 $15) (20... a5 $142 {Hoping for ...gxf3.} 21. fxg4 a4 22. Nxa4 hxg4) 21. Rde1 Ng6 22. Be5 (22. Bg5 $15) 22... Nxe5 ({Black should try} 22... a5 $19 23. Bxf6 Qxf6 24. fxg4 Qxd4 25. Qxd4 Bxd4 26. gxh5 Nxh4) 23. Rxe5 (23. dxe5 $11 Nd7 24. fxg4) 23... Qd6 ({Better is} 23... a5 $1 24. Rg5 b5 25. fxg4 a4 26. Bxd5 Nxd5 27. gxh5 f6) 24. Nf1 Nh7 25. Re2 (25. Rxh5 $17 {keeps fighting.} Qg6 26. Re5) 25... Bd7 (25... b5 $1 $19 {Threatens to win with ...a5.} 26. Na2 a5) 26. Ne3 f5 27. fxg4 (27. Ncxd5 $17 cxd5 28. Nxd5) 27... hxg4 ({Resist} 27... fxg4 28. Ne4 $17) 28. Na4 Rae8 $1 29. Nc5 Bc8 30. Rhe1 {Black must now prevent Nxd5.} Nf6 {[#] aiming for ...b6.} 31. Qd3 (31. Nxb7 $1 $17 {[%mdl 512] was the only defense.} Qh2 (31... Bxb7 32. Nxf5) 32. Nc5) 31... b6 (31... Ne4 $19 32. c3 Qd8 33. Nxe4 fxe4) 32. Na4 $17 b5 (32... Re4 $17 33. Rf1 f4 34. Nxd5 cxd5 35. Rxe4 Nxe4 36. Qxe4 Kh8) 33. Nc5 $2 (33. Nb6 $1 $11 {and White is okay.} Be6 34. Nxf5 Bxf5 35. Qxf5) 33... Nh5 (33... Ne4 $19 {is more deadly. Strongly threatening ...Kh8.} 34. Qd1 Kh8) 34. Nxd5 Rxe2 35. Nf4+ {[#]} (35. Ne7+ $17 {is a better defense.} Kh7 36. Rxe2 Qxd4 37. Qxd4 Bxd4 38. Nd3) 35... Kh8 $1 $19 36. Nxe2 {[#]} f4 $1 37. Ne4 Qg6 {...f3 is the strong threat.} 38. Ng5 $2 (38. Rf1 $17) 38... Qxd3 39. cxd3 f3 40. gxf3 gxf3 {[%cal Bg4f3,Bf3e2][%mdl 32]} 41. Bf7 fxe2 {Black is clearly winning.} 42. Bxh5 Rf1 43. Nf3 Be6 {Precision: White = 29%, Black = 44%.} 0-1

[Event "V Magistral Marcel Duchamp 2019"]
[Site "Montevideo"]
[Date "2019.02.20"]
[Round "5.1"]
[White "Hoffman, Alejandro"]
[Black "Tristan, Leonardo"]
[Result "1/2-1/2"]
[WhiteElo "2461"]
[BlackElo "2493"]
[Annotator "TA"]
[PlyCount "46"]
[EventDate "2019.02.17"]
[EventType "tourn"]
[EventCountry "URU"]
[SourceTitle "playchess.com"]
[Source "ChessBase"]
[SourceQuality "1"]

{[%evp 9,46,24,24,21,35,31,31,12,19,0,0,0,0,0,0,0,-2,-9,0,-12,0,0,0,0,0,0,0,0,0,0,0,8,27,27,19,19,31,0,0]} 1. d4 d5 2. c4 e6 3. Nf3 Nf6 4. Nc3 a6 5. cxd5 exd5 6. Bg5 {D37: Queen's Gambit Declined: 5 Bf4} Be6 7. e3 Nbd7 8. Be2 {White is slightly better.} (8. Bd3 Bd6 9. O-O c6 10. Qc2 Qc7 11. Rfe1 O-O 12. a3 Bg4 13. Bh4 Bh5 {0-1 (35) Mamedyarov,S (2817)-Maghsoodloo,P (2688) St Petersburg 2018}) 8... Bd6 9. a3 $146 ({Predecessor:} 9. O-O h6 10. Bh4 O-O 11. a3 c6 12. Qb3 Rb8 13. Rac1 Re8 {0-1 (56) Dobrov,V (2515)-Georgiev,K (2623) Riadh 2017}) 9... c6 10. Qc2 Qc7 11. Bh4 h6 12. Bg3 Bxg3 13. hxg3 O-O 14. b4 b6 15. O-O Rfc8 16. Rfc1 a5 17. Na4 {[%cal Bc3a4,Ba4b2,Bb2d3][%mdl 32]} axb4 18. axb4 Ne4 19. Nb2 Rxa1 20. Rxa1 Ndf6 21. Nd3 Ng4 22. Rc1 Bf5 {[#] aiming for ...Nexf2!} 23. Nh4 Be6 {Accuracy: White = 70%, Black = 67%.} 1/2-1/2

[Event "V Magistral Marcel Duchamp 2019"]
[Site "Montevideo"]
[Date "2019.02.20"]
[Round "5.2"]
[White "Larrea, Manuel"]
[Black "Roselli Mailhe, Bernardo"]
[Result "1/2-1/2"]
[WhiteElo "2269"]
[BlackElo "2434"]
[Annotator "TA"]
[PlyCount "97"]
[EventDate "2019.02.17"]
[EventType "tourn"]
[EventCountry "URU"]
[SourceTitle "playchess.com"]
[Source "ChessBase"]
[SourceQuality "1"]

{[%evp 9,97,11,13,13,21,24,24,21,24,23,28,29,32,22,26,16,26,14,19,14,23,20,16,17,4,14,33,38,35,32,33,22,41,32,80,89,104,85,103,62,125,133,137,138,129,126,101,79,75,27,102,100,112,107,412,116,112,119,177,99,81,47,34,46,29,50,51,39,47,22,17,17,21,17,21,17,28,24,760,55,66,0,9,0,0,0,0,0,0,0]} 1. e4 e5 2. Nf3 Nc6 3. Bc4 Bc5 4. c3 Nf6 5. d3 d6 6. a4 {C54: Giuoco Piano: 4 c3 Nf6, main lines with 5 d4 and 5 d3} a6 7. O-O Ba7 (7... O-O 8. Bg5 h6 9. Bh4 g5 10. Bg3 Ba7 11. Nbd2 Nh7 12. h3 h5 13. d4 h4 14. Bh2 g4 15. hxg4 Bxg4 16. dxe5 dxe5 {1-0 (45) Duda,J (2738)-Kramnik,V (2777) Wijk aan Zee 2019}) 8. Re1 {White has an edge.} h6 9. Nbd2 Ng4 10. Re2 O-O 11. h3 Nf6 12. Re1 Be6 13. Bxe6 fxe6 14. b4 Nh5 15. Nf1 Qf6 16. Be3 Nf4 17. Kh2 $146 ({Predecessor:} 17. Bxa7 Rxa7 {0-1 (38) Ni,S (2450)-Tan,Z (2508) China 2017}) 17... Ne7 (17... Qg6 {seems wilder.} 18. Ng3 Qf6 19. Ra2 Ne7 20. Nf1 Qg6) 18. Bxa7 Rxa7 19. Re3 Raa8 20. g3 Nfg6 21. Kg2 d5 22. N1h2 h5 23. Ra2 Rad8 24. Qb3 dxe4 (24... Nh8 $14) 25. dxe4 $16 Nh8 26. h4 Nf7 27. Rd2 Rd6 28. Rxd6 cxd6 29. b5 a5 (29... axb5 $11 30. Qxb5 d5) 30. c4 b6 31. Qd1 Rc8 $2 {[%mdl 8192]} (31... Qg6 $16) 32. Nd2 $2 (32. Ng5 $1 $18 {is the precise move to win.}) 32... Qh6 33. Nhf3 Ng6 {[#]} (33... Qg6 $16) 34. Rd3 (34. Rc3 $1 $18) 34... Nf8 35. Ng5 {[%mdl 64] Deflection} Nxg5 36. hxg5 Qxg5 37. Rxd6 h4 $1 38. Nf3 $36 {[%mdl 2048] White is more active.} Qg4 39. Nxh4 Qxe4+ 40. Qf3 Qxc4 41. Rxb6 {Threatens to win with Rb7.} e4 $1 {[%cal Re4f3]} 42. Qf4 Qd5 {Hoping for ...g5.} 43. Rd6 g5 $2 {[%mdl 8192] [#]} (43... Qc5 $11 44. Rd1 Qh5) 44. Rxd5 $2 (44. Qf6 $1 $18 Qb7 45. Ng6 e3+ 46. Rc6 {[%mdl 64] Decoy} Rxc6 47. Ne7+ (47. Qxf8+ Kh7 $11) 47... Qxe7 48. Qxe7) 44... gxf4 $14 45. Rg5+ ({White should try} 45. Rd4 $1 $14) 45... Kf7 $11 {The position is equal.} 46. gxf4 Rc4 47. b6 Rxa4 48. Rb5 {Black must now prevent b7.} Rb4 49. Rxa5 {Accuracy: White = 55%, Black = 48%.} 1/2-1/2

[Event "V Magistral Marcel Duchamp 2019"]
[Site "Montevideo"]
[Date "2019.02.20"]
[Round "5.3"]
[White "Lujan, Carolina"]
[Black "Lima, Darcy"]
[Result "0-1"]
[WhiteElo "2357"]
[BlackElo "2535"]
[Annotator "RC"]
[PlyCount "144"]
[EventDate "2019.02.17"]
[EventType "tourn"]
[EventCountry "URU"]
[SourceTitle "playchess.com"]
[Source "ChessBase"]
[SourceQuality "1"]
[TimeControl "5400+30"]

1. e4 {[%emt 0:00:35]} c6 {[%emt 0:00:02]} 2. Nc3 {[%emt 0:00:08]} d5 {[%emt 0:00:08]} 3. Nf3 {[%emt 0:00:06]} Bg4 {[%emt 0:00:49]} 4. h3 {[%emt 0:00:39]} Bh5 {[%emt 0:00:26]} 5. exd5 cxd5 {[%emt 0:00:08]} 6. Bb5+ {[%emt 0:00:36]} Nc6 {[%emt 0:00:09]} 7. g4 {[%emt 0:01:13]} Bg6 {[%emt 0:00:08]} 8. h4 {[%emt 0:04:07]} f6 {[%emt 0:17:03]} 9. d4 {[%emt 0:08:07]} e6 {[%emt 0:01:51]} 10. Qe2 {[%emt 0:02:12]} Qd7 {[%emt 0:01:15]} 11. a3 {[%emt 0:02:07]} a6 {[%emt 0:07:03]} 12. h5 {[%emt 0:03:28]} Be4 {[%emt 0:05:58]} 13. Bxc6 {[%emt 0:03:32]} Qxc6 {[%emt 0:00:05]} 14. Rh3 {[%emt 0:00:20]} Bxf3 {[%emt 0:06:01]} 15. Rxf3 {[%emt 0:00:59]} Kd7 {[%emt 0:00:07]} 16. Bf4 {[%emt 0:04:01]} Ne7 {[%emt 0:16:23]} 17. O-O-O {[%emt 0:03:23]} Re8 {[%emt 0:03:12]} 18. Na2 {[%emt 0:07:51]} Qc4 {[%emt 0:01:20]} 19. Qd2 {[%emt 0:09:11]} Nc6 {[%emt 0:06:32]} 20. Kb1 {[%emt 0:00:46]} e5 {[%emt 0:14:12]} 21. dxe5 {[%emt 0:10:43]} fxe5 {[%emt 0:00:03]} 22. Be3 {[%emt 0:01:16]} d4 {[%emt 0:00:11]} 23. c3 {[%emt 0:00:59]} Bc5 {[%emt 0:07:06]} 24. cxd4 {[%emt 0:05:03]} exd4 {[%emt 0:00:05]} 25. Rc1 {[%emt 0:01:08]} Qd5 {[%emt 0:00:38]} 26. Rf5 {[%emt 0:01:58]} Qe4+ {[%emt 0:00:45]} 27. Ka1 {[%emt 0:00:12]} Bd6 {[%emt 0:01:24]} 28. Bf4 {[%emt 0:02:38]} Rhf8 {[%emt 0:01:53]} 29. Bxd6 {[%emt 0:03:34]} Rxf5 {[%emt 0:00:10]} 30. gxf5 {[%emt 0:00:09]} Kxd6 {[%emt 0:00:04]} 31. Nb4 {[%emt 0:02:38]} Rc8 {[%emt 0:02:42]} 32. Re1 {[%emt 0:03:02]} Qh4 {[%emt 0:01:48]} 33. f4 {[%emt 0:03:59]} Rd8 {[%emt 0:01:17]} 34. Re6+ {[%emt 0:04:50]} Kc7 {[%emt 0:00:04]} 35. Nxc6 {[%emt 0:00:07]} bxc6 {[%emt 0:00:36]} 36. Qa5+ {[%emt 0:03:02]} Kd7 {[%emt 0:00:47]} 37. Qb4 {[%emt 0:00:31]} Kc7 {[%emt 0:01:57]} 38. Re7+ {[%emt 0:00:48]} Rd7 {[%emt 0:00:04]} 39. Qa5+ {[%emt 0:02:15]} Kc8 {[%emt 0:00:04]} 40. Qxa6+ {[%emt 0:00:10]} Kd8 {[%emt 0:00:03]} 41. Rxd7+ {[%emt 0:01:19]} Kxd7 {[%emt 0:00:06]} 42. Qa7+ {[%emt 0:00:04]} Ke8 {[%emt 0:00:25]} 43. Qxd4 {[%emt 0:00:18]} Qxh5 {[%emt 0:00:05]} 44. Qe5+ {[%emt 0:00:45]} Kf8 {[%emt 0:01:11]} 45. Qd6+ {[%emt 0:00:48]} Kf7 {[%emt 0:00:05]} 46. Qd7+ {[%emt 0:01:27]} Kf8 {[%emt 0:00:02]} 47. a4 {[%emt 0:00:48]} Qe8 {[%emt 0:02:15]} 48. Qd6+ {[%emt 0:00:48]} Qe7 {[%emt 0:00:16]} 49. Qxc6 {[%emt 0:01:00]} h5 {[%emt 0:00:06]} 50. a5 {[%emt 0:00:33]} Qe1+ {[%emt 0:00:04]} 51. Ka2 {[%emt 0:00:05]} Qxa5+ {[%emt 0:00:04]} 52. Kb3 {[%emt 0:00:06]} Qxf5 {[%emt 0:00:06]} 53. Qd6+ {[%emt 0:00:29]} Kf7 {[%emt 0:00:24]} 54. Qc7+ {[%emt 0:01:06]} Kg6 {[%emt 0:00:09]} 55. Qd6+ {[%emt 0:00:25]} Kh7 {[%emt 0:00:09]} 56. Ka4 {[%emt 0:01:26]} h4 {[%emt 0:00:46]} 57. b4 {[%emt 0:00:08]} h3 {[%emt 0:00:32]} 58. Qd2 {[%emt 0:00:13]} Qe4 {[%emt 0:00:36]} 59. Ka5 {[%emt 0:01:01]} Qa8+ {[%emt 0:00:23]} 60. Kb6 {[%emt 0:00:17]} Qg2 {[%emt 0:00:08]} 61. Qd1 {[%emt 0:00:25]} Qg6+ {[%emt 0:00:16]} 62. Kc7 {[%emt 0:00:16]} h2 {[%emt 0:00:43]} 63. b5 {[%emt 0:00:17]} Qf7+ {[%emt 0:00:50]} 64. Kc6 {[%emt 0:01:23]} Qxf4 {[%emt 0:01:12]} 65. Qd3+ {[%emt 0:00:38]} Kh6 {[%emt 0:01:18]} 66. Qh3+ {[%emt 0:00:10]} Kg5 {[%emt 0:00:06]} 67. Qg2+ {[%emt 0:00:18]} Kh4 {[%emt 0:00:18]} 68. b6 {[%emt 0:00:28]} Qc1+ {[%emt 0:00:06]} 69. Kd7 {[%emt 0:00:10]} h1=Q {[%emt 0:00:19]} 70. Qf2+ {[%emt 0:00:09]} Kg5 {[%emt 0:02:51]} 71. Qg3+ {[%emt 0:00:05]} Kf5 {[%emt 0:00:21]} 72. Qd3+ {[%emt 0:00:17]} Qe4 {[%emt 0:00:08]} 0-1

[Event "V Magistral Marcel Duchamp 2019"]
[Site "Montevideo"]
[Date "2019.02.20"]
[Round "5.4"]
[White "Gemy, Jose Daniel"]
[Black "Hungaski, Robert"]
[Result "0-1"]
[WhiteElo "2391"]
[BlackElo "2520"]
[Annotator "RC"]
[PlyCount "126"]
[EventDate "2019.02.17"]
[EventType "tourn"]
[EventCountry "URU"]
[SourceTitle "playchess.com"]
[Source "ChessBase"]
[SourceQuality "1"]
[TimeControl "5400+30"]

1. Nf3 {[%emt 0:10:03]} d5 {[%emt 0:00:00]} 2. d4 {[%emt 0:00:10]} Nf6 {[%emt 0:00:00]} 3. c4 {[%emt 0:00:05]} dxc4 {[%emt 0:00:00]} 4. e3 {[%emt 0:00:06]} Bg4 {[%emt 0:00:07]} 5. Bxc4 {[%emt 0:00:10]} e6 {[%emt 0:00:07]} 6. Nbd2 {[%emt 0:00:56]} Nbd7 {[%emt 0:00:34]} 7. O-O {[%emt 0:00:23]} Bd6 {[%emt 0:00:49]} 8. h3 {[%emt 0:00:42]} Bh5 {[%emt 0:00:16]} 9. b3 {[%emt 0:00:05]} O-O {[%emt 0:03:32]} 10. Bb2 {[%emt 0:00:13]} Qe7 {[%emt 0:00:52]} 11. a3 {[%emt 0:01:12]} e5 {[%emt 0:01:35]} 12. dxe5 {[%emt 0:02:33]} Nxe5 {[%emt 0:00:21]} 13. Be2 {[%emt 0:00:07]} Rfd8 {[%emt 0:10:28]} 14. Nxe5 {[%emt 0:06:43]} Bxe2 15. Nc6 {[%emt 0:06:18]} Bxd1 {[%emt 0:04:17]} 16. Nxe7+ {[%emt 0:00:11]} Bxe7 {[%emt 0:02:12]} 17. Rfxd1 {[%emt 0:00:16]} Rd3 {[%emt 0:02:55]} 18. Kf1 {[%emt 0:00:16]} Rad8 {[%emt 0:10:15]} 19. Ke2 {[%emt 0:00:41]} R3d7 {[%emt 0:01:02]} 20. b4 {[%emt 0:03:13]} Nd5 {[%emt 0:15:15]} 21. Nc4 {[%emt 0:05:37]} c6 {[%emt 0:03:12]} 22. g4 {[%emt 0:11:57]} f6 {[%emt 0:03:07]} 23. f4 {[%emt 0:02:50]} Kf7 {[%emt 0:00:37]} 24. Kf3 {[%emt 0:01:09]} Nc7 {[%emt 0:09:17]} 25. Rxd7 {[%emt 0:12:07]} Rxd7 {[%emt 0:00:05]} 26. Na5 {[%emt 0:00:18]} Ne6 {[%emt 0:03:52]} 27. Ke2 {[%emt 0:03:55]} Bd8 {[%emt 0:01:11]} 28. Nb3 {[%emt 0:00:26]} Bb6 {[%emt 0:00:38]} 29. f5 {[%emt 0:09:30]} Ng5 {[%emt 0:05:20]} 30. h4 {[%emt 0:02:12]} Ne4 {[%emt 0:00:07]} 31. Bd4 {[%emt 0:01:02]} h5 {[%emt 0:04:53]} 32. Kf3 {[%emt 0:04:13]} Nd6 {[%emt 0:00:53]} 33. Bxb6 {[%emt 0:08:21]} hxg4+ {[%emt 0:00:04]} 34. Kxg4 {[%emt 0:00:13]} axb6 {[%emt 0:00:04]} 35. Rd1 {[%emt 0:00:09]} Ke7 {[%emt 0:01:22]} 36. a4 {[%emt 0:02:05]} Rd8 {[%emt 0:03:08]} 37. Rd4 {[%emt 0:02:14]} Rc8 {[%emt 0:02:07]} 38. Rd1 {[%emt 0:03:24]} Nc4 {[%emt 0:05:32]} 39. Kf3 {[%emt 0:00:54]} Ra8 {[%emt 0:03:14]} 40. Ra1 {[%emt 0:00:49]} Ne5+ {[%emt 0:03:39]} 41. Ke4 {[%emt 0:00:22]} Rh8 {[%emt 0:00:41]} 42. Rh1 {[%emt 0:00:01]} Kd6 {[%emt 0:01:10]} 43. Rd1+ {[%emt 0:01:37]} Kc7 {[%emt 0:00:05]} 44. Rh1 {[%emt 0:00:01]} Rh5 {[%emt 0:01:33]} 45. Nd4 {[%emt 0:00:46]} Kd6 {[%emt 0:00:09]} 46. Ne6 {[%emt 0:01:28]} g6 {[%emt 0:00:27]} 47. Nd4 {[%emt 0:00:56]} g5 {[%emt 0:00:50]} 48. Nf3 {[%emt 0:00:23]} Nxf3 {[%emt 0:00:12]} 49. Kxf3 {[%emt 0:00:13]} Rxh4 {[%emt 0:00:34]} 50. Rd1+ {[%emt 0:00:54]} Ke5 {[%emt 0:00:17]} 51. Rd7 {[%emt 0:00:18]} Kxf5 {[%emt 0:01:07]} 52. b5 {[%emt 0:00:20]} Rxa4 {[%emt 0:00:27]} 53. Rxb7 {[%emt 0:00:10]} cxb5 {[%emt 0:00:18]} 54. Rxb6 {[%emt 0:00:01]} Rb4 {[%emt 0:00:35]} 55. Kg3 {[%emt 0:00:18]} Rb3 {[%emt 0:00:48]} 56. Kf3 {[%emt 0:00:11]} g4+ {[%emt 0:00:49]} 57. Kf2 {[%emt 0:00:01]} Ke5 {[%emt 0:00:25]} 58. Rb8 {[%emt 0:00:09]} b4 {[%emt 0:00:43]} 59. Re8+ {[%emt 0:00:15]} Kf5 {[%emt 0:00:16]} 60. Rb8 {[%emt 0:00:05]} Rb1 {[%emt 0:00:47]} 61. Kg3 {[%emt 0:00:25]} b3 {[%emt 0:00:22]} 62. Rb5+ {[%emt 0:00:04]} Ke4 {[%emt 0:00:13]} 63. Kxg4 {[%emt 0:01:04]} b2 {[%emt 0:00:10]} 0-1